00853nas a2200265 4500001001300000003000900013005001700022007000300039008003400042040005400076041000900130072001300139100001900152100001500171100001700186100001500203100001800218245009200236650002400328650002200352650001400374650002500388773012100413856005300534BR2016000151BR-BrBNA20231205130027.0ta230509b bl.|||p| |||| 00| 00por d aBR-BrBNAbporcBiblioteca Nacional de Agricultura a(Pt) aP35; F041 aChaves, L.H.G.1 aTito, G.A.1 aChaves, I.B.1 aLuna, J.G.1 aSilva, P.C.M.1 aPropriedades químicas do solo aluvial da Ilha de Assuncão - Cabrobó (Pernambuco)  aFERTILIDADE DO SOLO aANÁLISE DO SOLO aQUÍMICA aMATÉRIA ORGÂNICA0 tRevista Brasileira de Ciência do Solo (Brazil)xISSN 1806-9657 g(May-Jun 2004), v. 28(3) p. 431-437wBR201600015140uhttp://www.scielo.br/pdf/rbcs/v28n3/a04v28n3.pdf